Harry Potter: la Dague de Bellatrix Lestrange - Statistiques

Statistiques générales
  • Ce quiz a été pris 73 fois
  • Le résultat moyen est 4 sur 5
Statistiques - réponses
Information Réponses % Correct
Première apparition Harry Potter et les Reliques de la Mort
98%
Dernière apparition Harry Potter et les Reliques de la Mort
98%
Propriétaire Bellatrix Lestrange
95%
Victime Dobby
91%
Utilisation Arme
53%
Aucun quiz correspondant
Distribution des résultats
% des personnes avec chaque résultat
Percentile par nombre de réponses
Votre historique - résultats
Vous n’avez pas pris ce quiz